000
00304 a2200157 4500
001
184826
020
_a
0-582-41661-2
040
_c
Magnum
100
_a
Harvey, Paul
240
1
0
_a
Surfer!
_l
ING
245
1
0
_a
Surfer!
300
_a
362
0
_a
1996
697
_a
LITERATURA INGLESA
942
_c
BK
999
_c
184826
_d
184826